Notes on Mayan Youth and Rural industrialization in Guatemala /

Este artículo explora las experiencias de algunos jóvenes mayas involucrados en los circuitos de la economía mundial específicamente en los trabajos asalariados en las maquilas. Se investiga cómo la reestructuración de la economía mundial y la nueva división internacional del trabajo en el último cu...

وصف كامل

محفوظ في:
التفاصيل البيبلوغرافية
المؤلف الرئيسي: Green, Linda
مؤلفون آخرون: Rosaldo, Renato, ed
التنسيق: نص
اللغة:Spanish
منشور في: s.l: Blackwell Publishing
الطبعة:2
الموضوعات:
الوسوم: إضافة وسم
لا توجد وسوم, كن أول من يضع وسما على هذه التسجيلة!

MARC

LEADER 00000 a a2200000 04500
001 37540
003 cru IIS
005 20230314130716.0
008 230314b |||||||| |||| 00| 0 spa d
020 |a 978-1-4051-3613-6  
040 |c cru IIS  |d cru IIS 
090 |a 0001 I38a  
100 1 |a Green, Linda  |9 11015 
245 |a Notes on Mayan Youth and Rural industrialization in Guatemala /   |c Linda Green 
250 |a 2  
260 |a s.l:   |b Blackwell Publishing  
300 |a 101-120p 
520 |a Este artículo explora las experiencias de algunos jóvenes mayas involucrados en los circuitos de la economía mundial específicamente en los trabajos asalariados en las maquilas. Se investiga cómo la reestructuración de la economía mundial y la nueva división internacional del trabajo en el último cuarto del siglo 20 afecta directamente hogares en las zonas rurales de Guatemala. El artículo arroja luz sobre cómo las fábricas de maquila en las zonas rurales de Guatemala funcionan como nuevos sitios de explotación mediante el refuerzo y la intensificación de las desigualdades existentes y al mismo tiempo seducir con la modernidad  
650 |a POBLACION INDIGENA  
650 |a TRABAJO  
650 |a INDUSTRIA TEXTIL  
650 |a GLOBALIZACION  
650 |a GUATEMALA  
700 |a Rosaldo, Renato, ed  
773 0 |0 7542  |9 8419  |a Inda, Jonathan Xavier, ed   |b 2   |d s.l: Blackwell Publishing 2002  |o 04541  |t The anthropology of globalization. A reader /  |w (cru IIS)37541  |x 978-1-4051-3613-6   |z 978-1-4051-3613-6  
942 |2 ddc  |c LI 
999 |c 14627  |d 14627